| 000 | 01497nam a2200325 i 4500 | ||
|---|---|---|---|
| 001 | 193676 | ||
| 003 | ES-MaACL | ||
| 005 | 20241116063035.0 | ||
| 007 | ta | ||
| 008 | 240205s1909 fra f 000 0 fre d | ||
| 035 | _aRebiun16587939 | ||
| 040 |
_aES-MaCSI. _bspa. _cVL |
||
| 080 | _a621.3:537 | ||
| 100 | 0 |
_aVigneron, Eugéne _9114648 _eaut |
|
| 245 | 1 | 0 |
_aMagnétisme et électromagnétisme / _cpar Eug. Vigneron ... |
| 264 | 1 |
_aParis : _bLibrairie des Sciences et de l'Industrie : _bL.Geisler, imprimeur-éditeur, _c1909. |
|
| 300 |
_a2 Fasciculos (110 ; 122 páginas) : _bilustraciones (blanco y negro), diagramas ; _c25 cm |
||
| 336 |
_2rdacontent _aTexto |
||
| 337 |
_2rdamedia _asin mediación |
||
| 338 |
_2rdacarrier _avolumen |
||
| 490 | 1 |
_aEncyclopédie électrotechnique ; _v[Fasc.] 3-4 |
|
| 500 | _aContiene: Première partie: 3e fascicule -- Deuxième partie: 4e fascicule | ||
| 650 | 4 |
_aElectrotecnia _912169 |
|
| 830 |
_9235039 _aEncyclopédie électrotechnique ; _v3-4 |
||
| 852 |
_aEs-MaACL _bR.M.8231/1 _cSVI _jD-8685(1) _fSello en tinta en portada: "Ateneo de Madrid. Biblioteca". _xEncuadernación editorial, piel sobre pasta. -- Encuadernado con la segunda parte. _9201197 |
||
| 852 |
_aEs-MaACL _bR.M.8231/2 _cSVI _jD-8685(2) _xEncuadernación editorial, piel sobre pasta. -- Encuadernado con la primera parte. _9201198 |
||
| 942 |
_n0 _cMONOGRAFIA |
||
| 999 |
_c193676 _d193676 |
||